[Event "BL 1011 Solinger SG - SC Eppingen"]
[Site "?"]
[Date "2010.10.10"]
[Round "2.5"]
[White "Ruck, Robert"]
[Black "Edouard, Romain"]
[Result "1-0"]
[WhiteElo "2555"]
[BlackElo "2636"]
[PlyCount "175"]
[EventDate "2010.??.??"]

1. c4 c5 2. Nf3 Nc6 3. Nc3 Nf6 4. g3 d5 5. d4 Bg4 6. Bg2 e6 7. cxd5 Nxd5 8. O-O
Rc8 9. Nxd5 exd5 10. Ne5 Be6 11. Nxc6 bxc6 12. Be3 c4 13. b3 cxb3 14. Qxb3 Bd6
15. Qa4 Qd7 16. Rfc1 O-O 17. Rc3 f5 18. Bf4 Bxf4 19. gxf4 Rf6 20. Rac1 Bf7 21.
Re3 Re8 22. Rcc3 Rg6 23. Re5 h5 24. Rg3 Rb8 25. h3 Rxg3 26. fxg3 h4 27. Qa3 Qb7
28. gxh4 Qb1+ 29. Kh2 Qe1 30. h5 Rb1 31. Qe3 Rc1 32. Bf3 Rc3 33. Qg1 Qxg1+ 34.
Kxg1 Rc4 35. e3 Ra4 36. Re7 Kf8 37. Rc7 Be8 38. Kf2 Rxa2+ 39. Kg3 a5 40. Ra7 a4
41. Kh4 a3 42. h6 gxh6 43. Bh5 Bxh5 44. Kxh5 Rh2 45. Rxa3 Rxh3+ 46. Kg6 Ke7 47.
Kxf5 Kd6 48. Kg4 Rh1 49. Ra8 h5+ 50. Kg5 h4 51. Kg4 h3 52. Kg3 Kd7 53. Rh8 Re1
54. Kf2 Rh1 55. Rh5 Ke6 56. Kg3 Re1 57. Re5+ Kf6 58. Kxh3 Rg1 59. Kh4 Rg8 60.
Kh3 Rg1 61. Re8 Kf7 62. Kh2 Rg6 63. Re5 Rg8 64. Rh5 Re8 65. Rh3 Kg6 66. Kg2 Ra8
67. Kf3 Ra1 68. Rh2 Rc1 69. Rh8 Rc2 70. Rg8+ Kf5 71. Rg2 Rc1 72. Rg5+ Kf6 73.
Ke2 Ra1 74. Rh5 Ra2+ 75. Kf3 Rc2 76. Rh6+ Kg7 77. Rd6 Kf7 78. f5 Rc1 79. Kf4
Rc3 80. Rh6 Kg7 81. Re6 Kf7 82. Kg5 Rc1 83. Rh6 Rc3 84. Rh7+ Kg8 85. Re7 Kf8
86. Kf6 c5 87. Rd7 Ke8 88. Rxd5 1-0

[Event "BL 1011 Solinger SG - SC Eppingen"]
[Site "?"]
[Date "2010.10.10"]
[Round "2.6"]
[White "Jussupow, Artur"]
[Black "Guliyev, Namig"]
[Result "1/2-1/2"]
[WhiteElo "2589"]
[BlackElo "2510"]
[PlyCount "73"]
[EventDate "2010.??.??"]

1. d4 d5 2. c4 c6 3. e3 Nf6 4. Nc3 e6 5. b3 Nbd7 6. Bb2 b6 7. Bd3 Bb7 8. Nf3
Bd6 9. O-O O-O 10. Rc1 Qe7 11. Re1 h6 12. e4 dxe4 13. Nxe4 Nxe4 14. Bxe4 Rfd8
15. Bb1 Ba3 16. Qc2 Nf6 17. c5 Bxb2 18. Qxb2 bxc5 19. dxc5 a5 20. a3 Rab8 21.
Ne5 Rd5 22. Qc3 Qc7 23. b4 axb4 24. axb4 Ba6 25. Ba2 Rdd8 26. h3 Nd5 27. Bxd5
Rxd5 28. Re3 Rbd8 29. Rce1 f6 30. Nc4 Bxc4 31. Qxc4 e5 32. Rd3 Qf7 33. Rxd5
Qxd5 34. Qxd5+ Rxd5 35. Ra1 Rd4 36. Ra6 Rxb4 37. Rxc6 1/2-1/2

[Event "BL 1011 SC Remagen - OSG Baden Baden"]
[Site "?"]
[Date "2010.10.10"]
[Round "2.1"]
[White "Svidler, Peter"]
[Black "Gharamian, Tigran"]
[Result "1-0"]
[WhiteElo "2731"]
[BlackElo "2658"]
[PlyCount "113"]
[EventDate "2010.??.??"]

1. e4 c5 2. Nf3 d6 3. d4 cxd4 4. Nxd4 Nf6 5. Nc3 Nc6 6. Bg5 e6 7. Qd2 a6 8.
O-O-O Bd7 9. f4 h6 10. Bh4 Nxe4 11. Qe1 Nf6 12. Nf5 Qa5 13. Nxd6+ Bxd6 14. Rxd6
O-O-O 15. Bf2 Qc7 16. Qd2 Kb8 17. Bc5 Bc8 18. Be2 b6 19. Ba3 Ne7 20. Rd1 Ned5
21. Nxd5 Nxd5 22. Rxd8 Rxd8 23. g3 Bb7 24. b3 b5 25. c4 bxc4 26. bxc4 Qb6 27.
Bb2 Rc8 28. Bd4 Qb5 29. Qb2 f6 30. Kb1 Qxb2+ 31. Kxb2 Ne7 32. Bb6 Bc6 33. Ka3
Re8 34. Kb4 e5 35. fxe5 Nc8 36. Bd4 fxe5 37. Bc3 Nb6 38. Bh5 Re7 39. Re1 e4 40.
Bd4 Kc7 41. Kc3 Nd7 42. Be2 Ne5 43. h4 Re6 44. h5 Be8 45. g4 Bd7 46. Rf1 Re7
47. Rf4 Nf3 48. Bc5 Re5 49. Be3 Re7 50. Bd1 Kd6 51. c5+ Kc7 52. Rf8 Ne5 53. Bf4
Kc6 54. Bxe5 Rxe5 55. Ba4+ Kxc5 56. Bxd7 e3 57. Rf5 1-0

[Event "BL 1011 SC Remagen - OSG Baden Baden"]
[Site "?"]
[Date "2010.10.10"]
[Round "2.3"]
[White "Bacrot, Etienne"]
[Black "Degraeve, Jean-Marc"]
[Result "1-0"]
[WhiteElo "2716"]
[BlackElo "2561"]
[PlyCount "61"]
[EventDate "2010.??.??"]

1. e4 c5 2. Nf3 d6 3. d4 cxd4 4. Nxd4 Nf6 5. Nc3 g6 6. Be3 Bg7 7. f3 O-O 8. Qd2
Nc6 9. Bc4 Bd7 10. O-O-O Rb8 11. Bb3 Na5 12. Bh6 b5 13. Bxg7 Kxg7 14. g4 b4 15.
Nd5 Nxb3+ 16. Nxb3 Nxd5 17. exd5 Rb6 18. h4 h6 19. Qd4+ Kh7 20. Qd3 Kg7 21. h5
g5 22. Rhe1 Re8 23. Re4 e5 24. dxe6 Rxe6 25. Nd4 Rxe4 26. Qxe4 Qf6 27. Qa8 Ra6
28. Qb7 Rxa2 29. Kb1 Be6 30. Nxe6+ Qxe6 31. Qb5 1-0

[Event "BL 1011 SC Remagen - OSG Baden Baden"]
[Site "?"]
[Date "2010.10.10"]
[Round "2.5"]
[White "Vallejo Pons, Francisco"]
[Black "Bok, Benjamin"]
[Result "1-0"]
[WhiteElo "2697"]
[BlackElo "2453"]
[PlyCount "117"]
[EventDate "2010.??.??"]

1. e4 e5 2. Nf3 Nc6 3. Bb5 a6 4. Ba4 Nf6 5. O-O Be7 6. Re1 b5 7. Bb3 d6 8. c3
O-O 9. h3 Na5 10. Bc2 c5 11. d4 Qc7 12. Nbd2 cxd4 13. cxd4 Nc6 14. Nb3 a5 15.
Be3 a4 16. Nbd2 Bd7 17. Rc1 Qb7 18. a3 Rfe8 19. Bb1 Bd8 20. b4 axb3 21. Qxb3
Bb6 22. d5 Nb8 23. Qb4 Ba5 24. Qb2 Bb6 25. Nc4 Bxe3 26. Rxe3 Qa6 27. Ncd2 Qa5
28. Ne1 Na6 29. Nd3 Rec8 30. Ree1 h6 31. Kh2 Rab8 32. g3 Qb6 33. Kg2 Kh8 34.
Ba2 Nh7 35. Rxc8+ Rxc8 36. Nf3 Nc5 37. Nxc5 Qxc5 38. Re3 Nf6 39. Bb1 Kg8 40.
Ne1 Kf8 41. Qd2 Qc1 42. Qxc1 Rxc1 43. Bc2 Ke7 44. f3 g5 45. g4 Nh7 46. Kf2 Nf8
47. Ke2 Ng6 48. Rb3 Ra1 49. Bb1 Nf4+ 50. Kd2 b4 51. Nc2 Rxa3 52. Nxa3 bxa3 53.
Rxa3 Nxh3 54. Ra7 Nf4 55. Bd3 Ng6 56. Bb5 Nf8 57. Bc6 Ke8 58. Ra8+ Ke7 59. Rxf8
1-0

[Event "BL 1011 SC Remagen - OSG Baden Baden"]
[Site "?"]
[Date "2010.10.10"]
[Round "2.6"]
[White "Michiels, Bart"]
[Black "Naiditsch, Arkadij"]
[Result "0-1"]
[WhiteElo "2459"]
[BlackElo "2674"]
[PlyCount "88"]
[EventDate "2010.??.??"]

1. e4 e5 2. Nf3 Nc6 3. Nc3 Nf6 4. Bb5 Bd6 5. O-O O-O 6. d3 a6 7. Ba4 h6 8. a3
Re8 9. Be3 Bf8 10. Bb3 d6 11. h3 Be6 12. Bxe6 fxe6 13. Ne2 d5 14. Ng3 a5 15.
Nh2 Bd6 16. Nh5 Rf8 17. Nxf6+ Qxf6 18. Qh5 a4 19. Nf3 Ne7 20. Rae1 Qg6 21. Qxg6
Nxg6 22. Bd2 d4 23. Rc1 c5 24. c4 Rxf3 25. gxf3 Rf8 26. b4 Rxf3 27. bxc5 Bxc5
28. Bb4 b6 29. Bxc5 bxc5 30. Rfd1 Nf4 31. Rb1 Rxh3 32. Rb8+ Kh7 33. Ra8 Nxd3
34. Rb1 Rh4 35. f3 Nf4 36. Rb7 Rh3 37. Rxa4 Rg3+ 38. Kh1 d3 39. Rd7 Kg6 40.
Raa7 Kh5 41. a4 Kh4 42. Rab7 Kh3 43. Rb1 Rg2 44. Re1 Ne2 0-1

[Event "BL 1011 SC Remagen - OSG Baden Baden"]
[Site "?"]
[Date "2010.10.10"]
[Round "2.8"]
[White "Kipper, Jens"]
[Black "Schlosser, Philipp"]
[Result "1/2-1/2"]
[WhiteElo "2394"]
[BlackElo "2574"]
[PlyCount "61"]
[EventDate "2010.??.??"]

1. Nf3 Nf6 2. c4 c5 3. Nc3 e6 4. g3 a6 5. Bg2 Be7 6. O-O O-O 7. d4 cxd4 8. Nxd4
Qc7 9. e4 Nc6 10. b3 d6 11. Bb2 Bd7 12. Rc1 Nxd4 13. Qxd4 Rfd8 14. Rfd1 Rac8
15. a4 Qb8 16. Ba3 Bc6 17. Qe3 Bf8 18. h3 Nd7 19. Nb5 Nc5 20. Nxd6 Rxd6 21.
Bxc5 Rxd1+ 22. Rxd1 Bxc5 23. Qxc5 Bxa4 24. Qb6 Bc6 25. e5 Bxg2 26. Kxg2 h5 27.
Rd6 Qc7 28. h4 Qxb6 29. Rxb6 Rc7 30. Kf3 a5 31. Ke3 1/2-1/2

[Event "BL 1011 SG Turm Trier - Turm Emsdetten"]
[Site "?"]
[Date "2010.10.10"]
[Round "2.1"]
[White "Giri, Anish"]
[Black "Bobras, Piotr"]
[Result "1-0"]
[WhiteElo "2677"]
[BlackElo "2535"]
[PlyCount "107"]
[EventDate "2010.??.??"]

1. Nf3 Nf6 2. c4 g6 3. Nc3 Bg7 4. e4 c5 5. d4 cxd4 6. Nxd4 Nc6 7. Be3 O-O 8.
Be2 d6 9. O-O Bd7 10. Qd2 Nxd4 11. Bxd4 Bc6 12. f3 a5 13. b3 Nd7 14. Be3 Nc5
15. Rab1 Qb6 16. Rfc1 Qb4 17. Rc2 Rfc8 18. Qc1 Qb6 19. Bf1 h5 20. g3 Kh7 21.
Bg2 Qd8 22. Qd2 Qf8 23. Re1 f5 24. Bh3 e6 25. exf5 exf5 26. Bg2 Re8 27. Rcc1
Re6 28. Ne2 Rae8 29. Nd4 R6e7 30. Nxc6 bxc6 31. Bf1 Qf6 32. Bg5 Qd4+ 33. Kg2
Rxe1 34. Rxe1 Rxe1 35. Qxe1 Nd3 36. Qd2 Nb4 37. a3 Na6 38. b4 axb4 39. axb4 Qc3
40. c5 Nb8 41. cxd6 Qxd2+ 42. Bxd2 Be5 43. Bf4 Bxf4 44. gxf4 Kg7 45. Kg3 Kf6
46. Bc4 Nd7 47. Kf2 Nb6 48. Bb3 Nd7 49. Ke3 c5 50. h4 cxb4 51. Kd4 Nf8 52. Kc5
Ne6+ 53. Kb6 Nd4 54. Bc4 1-0

[Event "BL 1011 SG Turm Trier - Turm Emsdetten"]
[Site "?"]
[Date "2010.10.10"]
[Round "2.3"]
[White "Hector, Jonny"]
[Black "Gordon, Stephen"]
[Result "1-0"]
[WhiteElo "2592"]
[BlackElo "2528"]
[PlyCount "101"]
[EventDate "2010.??.??"]

1. e4 c5 2. Nf3 e6 3. c3 Nf6 4. e5 Nd5 5. d4 cxd4 6. cxd4 d6 7. Bc4 Nc6 8. O-O
Be7 9. a3 O-O 10. Re1 b6 11. Qe2 Bb7 12. Bd2 dxe5 13. dxe5 Rc8 14. Nc3 Na5 15.
Ba2 Nxc3 16. Bxc3 Rc7 17. Rad1 Qc8 18. Rd4 Rd8 19. Bb1 g6 20. Rxd8+ Qxd8 21.
Nd2 Rd7 22. Ne4 Bxe4 23. Bxe4 Nb3 24. g3 Bg5 25. Qc2 Nd4 26. Qa4 Nf5 27. Bc6
Rd3 28. Be4 Rd7 29. Rf1 Qc7 30. Rd1 Rxd1+ 31. Qxd1 h5 32. Qd3 Bh6 33. Qb5 Bf8
34. a4 Bc5 35. Qd3 Bf8 36. Kg2 Bg7 37. Qb5 Kh7 38. h3 a6 39. Qxa6 Bxe5 40. Bxf5
gxf5 41. Bxe5 Qxe5 42. Qxb6 Qe4+ 43. Kh2 Qxa4 44. b4 h4 45. gxh4 Kg6 46. Qb8
Qc2 47. Qf4 Qb2 48. Kg2 Qe2 49. h5+ Kh7 50. h6 Qd1 51. Qg5 1-0

[Event "BL 1011 SG Turm Trier - Turm Emsdetten"]
[Site "?"]
[Date "2010.10.10"]
[Round "2.4"]
[White "Jaracz, Pawel"]
[Black "Cramling, Pia"]
[Result "1/2-1/2"]
[WhiteElo "2543"]
[BlackElo "2509"]
[PlyCount "45"]
[EventDate "2010.??.??"]

1. d4 Nf6 2. Nf3 d5 3. c4 e6 4. Nc3 Bb4 5. Bg5 Nbd7 6. cxd5 exd5 7. Qc2 c5 8.
e3 c4 9. Be2 Qa5 10. Nd2 O-O 11. O-O Re8 12. Bf3 Bxc3 13. Qxc3 Qxc3 14. bxc3 h6
15. Bh4 b6 16. Rfe1 Ba6 17. Bxf6 Nxf6 18. e4 dxe4 19. Nxe4 Nxe4 20. Bxe4 Rac8
21. f4 Bb5 22. Kf2 g5 23. Bf5 1/2-1/2

[Event "BL 1011 SG Turm Trier - Turm Emsdetten"]
[Site "?"]
[Date "2010.10.10"]
[Round "2.5"]
[White "Fiebig, Thomas"]
[Black "Seger, Ruediger"]
[Result "1/2-1/2"]
[WhiteElo "2453"]
[BlackElo "2416"]
[PlyCount "70"]
[EventDate "2010.??.??"]

1. e4 c6 2. d4 d5 3. exd5 cxd5 4. c4 Nf6 5. Nc3 e6 6. Nf3 Bb4 7. cxd5 Nxd5 8.
Bd2 Nc6 9. Bd3 O-O 10. O-O Be7 11. a3 Bf6 12. Be3 g6 13. Rc1 Nce7 14. Bh6 Bg7
15. Bxg7 Kxg7 16. Ne4 Bd7 17. Qd2 Rc8 18. Ne5 Rxc1 19. Rxc1 Bc8 20. Ng3 Ng8 21.
Bc4 Ngf6 22. h4 h6 23. Ba2 Qe7 24. Qa5 b6 25. Qa4 Bb7 26. Bb1 Rd8 27. Qc2 Rc8
28. Qd2 Rxc1+ 29. Qxc1 Nd7 30. Nf3 Qf6 31. Be4 Qd8 32. Bd3 Qc7 33. Qxc7 Nxc7
34. Ne5 Nf6 35. Ne2 Kf8 1/2-1/2

[Event "BL 1011 SG Turm Trier - Turm Emsdetten"]
[Site "?"]
[Date "2010.10.10"]
[Round "2.8"]
[White "Kolbus, Dietmar"]
[Black "Zumsande, Martin"]
[Result "1/2-1/2"]
[WhiteElo "2332"]
[BlackElo "2414"]
[PlyCount "82"]
[EventDate "2010.??.??"]

1. c4 e6 2. Nf3 d5 3. d4 Nf6 4. Nc3 Be7 5. Bg5 h6 6. Bh4 O-O 7. e3 b6 8. cxd5
Nxd5 9. Bxe7 Qxe7 10. Nxd5 exd5 11. Rc1 Be6 12. Qa4 c5 13. Qa3 Rc8 14. Be2 a5
15. O-O Qa7 16. dxc5 bxc5 17. Rc3 Nd7 18. Rfc1 Rcb8 19. Ne1 Rb6 20. Nd3 c4 21.
Nf4 a4 22. Rd1 Nf6 23. Bf3 Qa5 24. h4 Rab8 25. Rc2 Rb5 26. Rcd2 Qb4 27. Qxb4
Rxb4 28. Nxd5 Nxd5 29. Bxd5 Bxd5 30. Rxd5 Rxb2 31. Rd8+ Rxd8 32. Rxd8+ Kh7 33.
Rc8 Rc2 34. a3 Rc1+ 35. Kh2 c3 36. h5 g6 37. hxg6+ Kxg6 38. Rc4 c2 39. Kg3 h5
40. Kf3 f6 41. g3 Ra1 1/2-1/2

[Event "BL 1011 SV Griesheim - SV Wattenscheid"]
[Site "?"]
[Date "2010.10.10"]
[Round "2.2"]
[White "Tazbir, Marcin"]
[Black "Macieja, Bartlomiej"]
[Result "1/2-1/2"]
[WhiteElo "2523"]
[BlackElo "2651"]
[PlyCount "40"]
[EventDate "2010.??.??"]

1. e4 c6 2. d4 d5 3. e5 Bf5 4. Be3 e6 5. Nd2 Nd7 6. Ngf3 Ne7 7. c3 Bg6 8. Nh4
Nf5 9. Nxg6 fxg6 10. Bd3 Be7 11. O-O O-O 12. Nf3 c5 13. g4 Nxe3 14. fxe3 c4 15.
Bc2 b5 16. Qe1 b4 17. cxb4 Rb8 18. a3 a5 19. b3 axb4 20. axb4 Bxb4 1/2-1/2

[Event "BL 1011 SV Griesheim - SV Wattenscheid"]
[Site "?"]
[Date "2010.10.10"]
[Round "2.3"]
[White "Bartel, Mateusz"]
[Black "Murdzia, Piotr"]
[Result "1-0"]
[WhiteElo "2599"]
[BlackElo "2477"]
[PlyCount "62"]
[EventDate "2010.??.??"]

1. d4 Nf6 2. c4 e6 3. Nf3 Bb4+ 4. Bd2 a5 5. g3 d5 6. Bg2 dxc4 7. O-O Nc6 8. e3
Nd7 9. Qe2 Nb6 10. Bxb4 axb4 11. Nbd2 c3 12. bxc3 bxc3 13. Ne4 Na4 14. Rfc1 O-O
15. Nxc3 Nxc3 16. Rxc3 Ra7 17. Ne1 e5 18. d5 Nb4 19. Qc4 Na6 20. Nd3 Qe7 21. e4
Kh8 22. f4 f6 23. Rf1 Re8 24. fxe5 fxe5 25. Rc2 Ra8 26. Rcf2 Bd7 27. Rf7 Qd6
28. Qc1 Bb5 29. Qg5 Rg8 30. R1f6 Qd8 31. Nxe5 Nc5 1-0

[Event "BL 1011 SV Griesheim - SV Wattenscheid"]
[Site "?"]
[Date "2010.10.10"]
[Round "2.4"]
[White "Grabarczyk, Miroslaw"]
[Black "Bogner, Sebastian"]
[Result "1/2-1/2"]
[WhiteElo "2475"]
[BlackElo "2549"]
[PlyCount "82"]
[EventDate "2010.??.??"]

1. d4 d5 2. Nf3 Nf6 3. c4 c6 4. e3 a6 5. Nbd2 g6 6. Bd3 Bg7 7. O-O O-O 8. cxd5
cxd5 9. Ne5 Nfd7 10. Ndf3 Nc6 11. Nxd7 Bxd7 12. Bd2 Bg4 13. h3 Bxf3 14. Qxf3
Qd7 15. Qe2 Rfe8 16. Bc3 Rad8 17. Rfd1 e6 18. Rac1 Bf8 19. a3 Bd6 20. Rc2 Bb8
21. Qf1 Qe7 22. g3 Ba7 23. Be2 e5 24. dxe5 d4 25. exd4 Nxd4 26. Bxd4 Bxd4 27.
Bf3 Qxe5 28. Kg2 b5 29. b3 Re6 30. Re2 Qf6 31. Rxe6 Qxe6 32. Rd3 Qe7 33. Qd1
Qc5 34. a4 h5 35. h4 Rd6 36. axb5 axb5 37. Qd2 Kg7 38. Qd1 b4 39. Ba8 Qe5 40.
Bf3 Qc5 41. Ba8 Qe5 1/2-1/2

[Event "BL 1011 SV Griesheim - SV Wattenscheid"]
[Site "?"]
[Date "2010.10.10"]
[Round "2.5"]
[White "Rustemov, Alexander"]
[Black "Grabarczyk, Bogdan"]
[Result "1-0"]
[WhiteElo "2541"]
[BlackElo "2448"]
[PlyCount "47"]
[EventDate "2010.??.??"]

1. d4 d5 2. c4 dxc4 3. Nf3 a6 4. e4 b5 5. a4 Bb7 6. axb5 axb5 7. Rxa8 Bxa8 8.
Nc3 c6 9. Be2 e6 10. O-O Nf6 11. Qc2 Be7 12. e5 Nd5 13. Qe4 h5 14. Bd2 Nd7 15.
Ra1 Bb7 16. h4 g6 17. Ng5 Qb6 18. Nxd5 cxd5 19. Qf4 f6 20. exf6 Bxf6 21. Nf3
O-O 22. Qh6 Bg7 23. Qxg6 Rf5 24. Bh6 1-0

[Event "BL 1011 SV Griesheim - SV Wattenscheid"]
[Site "?"]
[Date "2010.10.10"]
[Round "2.6"]
[White "Bulski, Krzysztof"]
[Black "Appel, Ralf"]
[Result "1-0"]
[WhiteElo "2459"]
[BlackElo "2547"]
[PlyCount "57"]
[EventDate "2010.??.??"]

1. e4 g6 2. d4 Bg7 3. Nc3 d6 4. f4 Nd7 5. Nf3 a6 6. Bd3 e6 7. O-O Ne7 8. a4 h6
9. Be3 O-O 10. Qd2 Nf6 11. Kh1 b6 12. Bf2 Bb7 13. e5 Nd7 14. Ne4 Nf5 15. c3 a5
16. Qe2 Qb8 17. b4 axb4 18. cxb4 Ne7 19. Be1 Nd5 20. Bd2 dxe5 21. fxe5 Ne7 22.
a5 Nf5 23. a6 Bd5 24. b5 Rd8 25. Nc3 Nxd4 26. Nxd4 Nxe5 27. Nxd5 Rxd5 28. Be4
Rxd4 29. Bc3 1-0

[Event "BL 1011 SV Griesheim - SV Wattenscheid"]
[Site "?"]
[Date "2010.10.10"]
[Round "2.7"]
[White "Handke, Florian"]
[Black "Geske, Julian"]
[Result "1-0"]
[WhiteElo "2494"]
[BlackElo "2364"]
[PlyCount "71"]
[EventDate "2010.??.??"]

1. b3 e5 2. Bb2 Nc6 3. e3 g6 4. Bb5 Bg7 5. f4 Nge7 6. Nf3 d6 7. fxe5 O-O 8. O-O
dxe5 9. Ng5 Nf5 10. Ne4 Bd7 11. Nbc3 a6 12. Bc4 Nd6 13. Nxd6 cxd6 14. a4 Be6
15. Bxe6 fxe6 16. Qg4 Qe7 17. Ba3 Rf5 18. Ne4 Rd8 19. c4 Na5 20. Rab1 b6 21. h4
Nb7 22. Ng3 Rxf1+ 23. Rxf1 Rf8 24. Rxf8+ Bxf8 25. Ne4 Kg7 26. h5 Qd7 27. d4
exd4 28. exd4 Qe8 29. d5 e5 30. Bc1 Nc5 31. h6+ Kh8 32. Nxc5 bxc5 33. Bg5 Kg8
34. Qe6+ Qf7 35. g3 a5 36. Kg2 1-0

[Event "BL 1011 SV Griesheim - SV Wattenscheid"]
[Site "?"]
[Date "2010.10.10"]
[Round "2.8"]
[White "Walter, Stefan"]
[Black "Hirneise, Tobias"]
[Result "1-0"]
[WhiteElo "2321"]
[BlackElo "2436"]
[PlyCount "165"]
[EventDate "2010.??.??"]

1. d4 Nf6 2. c4 e6 3. Nc3 Bb4 4. Qc2 c5 5. dxc5 O-O 6. a3 Bxc5 7. Nf3 b6 8. Bg5
Bb7 9. Rd1 Be7 10. e3 d6 11. Be2 Nbd7 12. O-O a6 13. Rd4 Qc7 14. Rc1 Rac8 15.
Qd1 Rfe8 16. Bh4 Qb8 17. Bg3 e5 18. Rd2 Nc5 19. b4 Nce4 20. Rdc2 Nxc3 21. Rxc3
Ne4 22. R3c2 Bc6 23. Rb2 Qb7 24. Qf1 Bf6 25. Nd2 Nxg3 26. hxg3 Rcd8 27. Rbb1
Qa8 28. Bf3 e4 29. Be2 a5 30. Nb3 axb4 31. axb4 Qa3 32. Nd4 Bxd4 33. exd4 e3
34. f3 Bd7 35. Qd1 Ra8 36. c5 dxc5 37. dxc5 Rad8 38. Qb3 Qa8 39. cxb6 Qb8 40.
Rc7 Qxb6 41. Rbc1 Qd6 42. f4 Qg6 43. Kh2 Qh6+ 44. Kg1 Qg6 45. g4 Be6 46. Qxe3
Bxg4 47. Re7 Rxe7 48. Qxe7 Qb6+ 49. Kf1 Bxe2+ 50. Kxe2 Qb5+ 51. Kf2 Re8 52. Qc5
Qe2+ 53. Kg1 Qd2 54. Rf1 Rb8 55. b5 Qd3 56. Re1 h6 57. Re5 Qd1+ 58. Kh2 Qg4 59.
Qf2 Kh7 60. Qg3 Qd7 61. Qh3 Qd8 62. Rc5 Kg8 63. Qg4 Kf8 64. Kg3 Kg8 65. Qf5 g6
66. Qd5 Qb6 67. Qe5 Qd8 68. Qd5 Qxd5 69. Rxd5 Kf8 70. Kf3 Ke7 71. Ke4 Rc8 72.
b6 Rb8 73. Rb5 Kd6 74. Rb3 g5 75. fxg5 hxg5 76. Kf5 Kc6 77. Kxg5 Rb7 78. Kf6
Kd5 79. g4 Ke4 80. Rb5 Kf4 81. Rb4+ Kg3 82. g5 Kf3 83. Ke5 1-0

[Event "BL 1011 SV Mülheim Nord - Bayern Münche"]
[Site "?"]
[Date "2010.10.10"]
[Round "2.1"]
[White "Bromberger, Stefan"]
[Black "Fridman, Daniel"]
[Result "1/2-1/2"]
[WhiteElo "2530"]
[BlackElo "2645"]
[PlyCount "40"]
[EventDate "2010.??.??"]

1. e4 c6 2. d4 d5 3. Nc3 dxe4 4. Nxe4 Bf5 5. Ng3 Bg6 6. h4 h6 7. Nf3 Nd7 8. h5
Bh7 9. Bd3 Bxd3 10. Qxd3 e6 11. Bd2 Ngf6 12. O-O-O Qc7 13. Ne4 O-O-O 14. g3 Nc5
15. Nxc5 Bxc5 16. c4 Qe7 17. Ba5 Bb6 18. Bxb6 axb6 19. Qb3 Qc7 20. Kb1 Ng4
1/2-1/2

[Event "BL 1011 SV Mülheim Nord - Bayern Münche"]
[Site "?"]
[Date "2010.10.10"]
[Round "2.2"]
[White "Tregubov, Pavel V"]
[Black "Schenk, Andreas"]
[Result "1-0"]
[WhiteElo "2598"]
[BlackElo "2519"]
[PlyCount "56"]
[EventDate "2010.??.??"]

1. d4 Nf6 2. c4 e6 3. Nf3 d5 4. Nc3 dxc4 5. e4 Bb4 6. Bg5 h6 7. Bxf6 Qxf6 8.
Bxc4 c5 9. O-O cxd4 10. e5 Qd8 11. Ne4 O-O 12. Qe2 Nc6 13. a3 Be7 14. Ng3 Re8
15. Rfd1 Bd7 16. Qe4 g6 17. b4 Bf8 18. h4 Bg7 19. h5 Qc7 20. hxg6 Nxe5 21. Nxe5
Qxe5 22. gxf7+ Kxf7 23. Qxb7 Rad8 24. Re1 Qb8 25. Qe4 Kf8 26. Qh7 Bc8 27. Nh5
Qb7 28. Re4 Re7 1-0

[Event "BL 1011 SV Mülheim Nord - Bayern Münche"]
[Site "?"]
[Date "2010.10.10"]
[Round "2.3"]
[White "Boensch, Uwe"]
[Black "Malakhatko, Vadim"]
[Result "1/2-1/2"]
[WhiteElo "2520"]
[BlackElo "2578"]
[PlyCount "86"]
[EventDate "2010.??.??"]

1. d4 d5 2. c4 c6 3. Nf3 Nf6 4. e3 a6 5. Bd3 Bg4 6. Nbd2 e6 7. Qc2 dxc4 8. Nxc4
Bxf3 9. gxf3 c5 10. dxc5 Bxc5 11. a3 b5 12. Nd2 Nbd7 13. b4 Bd6 14. Bb2 Rc8 15.
Qb3 Be5 16. Ke2 O-O 17. Rac1 Rxc1 18. Rxc1 Qb8 19. Bxe5 Qxe5 20. a4 Qxh2 21.
axb5 axb5 22. Bxb5 Ne5 23. Rc5 Nd5 24. Ba6 Nd7 25. Rc4 N7b6 26. Rd4 Qc7 27. Ne4
Ra8 28. b5 f5 29. Nd2 Qc1 30. Rd3 Ra7 31. Qa3 Qxa3 32. Rxa3 Rc7 33. Kf1 Kf7 34.
f4 h6 35. Nf3 Kf6 36. Ra2 g5 37. fxg5+ hxg5 38. Nd4 Rc1+ 39. Kg2 Nb4 40. Ra3 e5
41. Ne2 Rc2 42. Rb3 N4d5 43. Kf1 Rc7 1/2-1/2

[Event "BL 1011 SV Mülheim Nord - Bayern Münche"]
[Site "?"]
[Date "2010.10.10"]
[Round "2.5"]
[White "Belezky, Alexander"]
[Black "Feygin, Michael"]
[Result "1/2-1/2"]
[WhiteElo "2454"]
[BlackElo "2526"]
[PlyCount "41"]
[EventDate "2010.??.??"]

1. Nf3 d5 2. c4 e6 3. d4 c5 4. cxd5 exd5 5. g3 Nc6 6. Bg2 Nf6 7. O-O Be7 8. Nc3
O-O 9. dxc5 Bxc5 10. Na4 Be7 11. Be3 b6 12. Rc1 Bb7 13. Nd4 Nxd4 14. Bxd4 Rc8
15. Qd3 Ne4 16. Nc3 Nc5 17. Bxc5 Rxc5 18. b4 Rc7 19. Nxd5 Bxd5 20. Bxd5 Bxb4
21. Rxc7 1/2-1/2

[Event "BL 1011 SV Mülheim Nord - Bayern Münche"]
[Site "?"]
[Date "2010.10.10"]
[Round "2.6"]
[White "Saltaev, Mihail"]
[Black "Meister, Peter"]
[Result "1/2-1/2"]
[WhiteElo "2483"]
[BlackElo "2446"]
[PlyCount "40"]
[EventDate "2010.??.??"]

1. e4 e6 2. d4 d5 3. Nd2 Nf6 4. e5 Nfd7 5. c3 c5 6. Bd3 b6 7. Ne2 Ba6 8. Bxa6
Nxa6 9. O-O Nc7 10. Nf3 Be7 11. Re1 c4 12. Be3 b5 13. Qd2 a5 14. Bg5 h6 15.
Bxe7 Qxe7 16. Qf4 O-O 17. Ng3 b4 18. Nh5 Kh7 19. g4 f6 20. Qg3 bxc3 1/2-1/2

[Event "BL 1011 SV Mülheim Nord - Bayern Münche"]
[Site "?"]
[Date "2010.10.10"]
[Round "2.7"]
[White "Meissner, Bernd"]
[Black "Schebler, Gerhard"]
[Result "1/2-1/2"]
[WhiteElo "2401"]
[BlackElo "2474"]
[PlyCount "61"]
[EventDate "2010.??.??"]

1. d4 d6 2. Nf3 Nf6 3. c4 g6 4. Nc3 Bg7 5. e4 O-O 6. Be2 e5 7. O-O exd4 8. Nxd4
Re8 9. f3 Nc6 10. Be3 Nh5 11. Qd2 Nf4 12. Rfd1 Nxd4 13. Bxd4 Bxd4+ 14. Qxd4 a5
15. Bf1 Ne6 16. Qf2 Nc5 17. b3 Bd7 18. Rab1 Bc6 19. a3 Nd7 20. Qd4 Qf6 21. Qxf6
Nxf6 22. Ne2 Kf8 23. Nd4 Bd7 24. Rbc1 b6 25. Rc3 Re7 26. Nc2 h5 27. Ne3 Ra7 28.
Rdc1 h4 29. Kf2 Kg7 30. Bd3 Bc6 31. R1c2 1/2-1/2

[Event "BL 1011 SV Mülheim Nord - Bayern Münche"]
[Site "?"]
[Date "2010.10.10"]
[Round "2.8"]
[White "Litwak, Aleksej"]
[Black "Deglmann, Ludwig"]
[Result "0-1"]
[WhiteElo "2304"]
[BlackElo "2397"]
[PlyCount "92"]
[EventDate "2010.??.??"]

1. e4 c5 2. Nf3 Nc6 3. d4 cxd4 4. Nxd4 g6 5. c4 Nf6 6. Nc3 d6 7. Be2 Nxd4 8.
Qxd4 Bg7 9. Be3 O-O 10. Qd2 a5 11. O-O a4 12. f3 Qa5 13. Rac1 Bd7 14. Rfd1 Rfd8
15. Rc2 Bc6 16. Nd5 Qxd2 17. Rdxd2 Bxd5 18. cxd5 a3 19. b3 Rdc8 20. Bb5 h5 21.
Kf2 Kh7 22. Ke2 Bh6 23. Bxh6 Kxh6 24. Kd3 g5 25. Rxc8 Rxc8 26. Rc2 Rxc2 27.
Kxc2 g4 28. b4 gxf3 29. gxf3 Kg5 30. Kb3 Kf4 31. Be2 Ke3 32. Bd1 h4 33. Kxa3 h3
34. Kb2 Kf2 35. f4 Kg2 36. e5 dxe5 37. fxe5 Nxd5 38. b5 Ne3 39. Be2 Kxh2 40. b6
Nd5 41. Bf3 Nxb6 42. Bxb7 Nc4+ 43. Kc3 Nxe5 44. a4 Nd7 45. a5 Nb8 46. Kc4 f5
0-1

[Event "BL 1011 SF Katernberg - Nickelhütte Aue"]
[Site "?"]
[Date "2010.10.10"]
[Round "2.2"]
[White "Bischoff, Klaus"]
[Black "Meijers, Viesturs"]
[Result "1-0"]
[WhiteElo "2553"]
[BlackElo "2502"]
[PlyCount "67"]
[EventDate "2010.??.??"]

1. d4 Nf6 2. c4 e6 3. Nf3 Bb4+ 4. Bd2 c5 5. Bxb4 cxb4 6. a3 bxa3 7. Rxa3 d5 8.
cxd5 exd5 9. Nc3 O-O 10. e3 Nc6 11. Be2 Qe7 12. O-O Rd8 13. Ne1 b6 14. Nd3 Bb7
15. Qd2 Ne4 16. Nxe4 dxe4 17. Nf4 Nb4 18. Rc1 a5 19. Bc4 g6 20. Rac3 Rac8 21.
Qd1 Qd7 22. h4 Kg7 23. Be6 Rxc3 24. Bxd7 Rxc1 25. Qxc1 Rxd7 26. Qc4 Ba6 27. Qc3
Bb7 28. Qc4 Ba6 29. Qc3 Bb7 30. d5+ Kg8 31. Qe5 Kf8 32. d6 f6 33. Qxf6+ Kg8 34.
Ne6 1-0

[Event "BL 1011 SF Katernberg - Nickelhütte Aue"]
[Site "?"]
[Date "2010.10.10"]
[Round "2.3"]
[White "Slobodjan, Roman"]
[Black "Zaragatski, Ilja"]
[Result "0-1"]
[WhiteElo "2556"]
[BlackElo "2490"]
[PlyCount "74"]
[EventDate "2010.??.??"]

1. d4 Nf6 2. c4 c5 3. e3 cxd4 4. exd4 e6 5. Nc3 Bb4 6. Bd3 Bxc3+ 7. bxc3 d6 8.
Nf3 O-O 9. O-O b6 10. Bg5 Nbd7 11. Nd2 Bb7 12. a4 Qc7 13. a5 Qc6 14. f3 b5 15.
cxb5 Qxc3 16. Nc4 Bd5 17. Ne3 Rac8 18. b6 axb6 19. a6 Ba8 20. Bh4 Nd5 21. Re1
Kh8 22. Bf2 Nxe3 23. Bxe3 Nf6 24. Rc1 Qa3 25. Ra1 Qc3 26. Rc1 Qa5 27. Ra1 Qd5
28. Qd2 Qc6 29. Reb1 Nd5 30. Bf2 f5 31. Bb5 Qc7 32. Rc1 Qe7 33. Bc4 Rc7 34.
Bxd5 Bxd5 35. Rxc7 Qxc7 36. Bg3 Kg8 37. Rc1 Qd7 0-1